000 00771nam a22001817a 4500
999 _c371937
_d371937
008 201127b ||||| |||| 00| 0 eng d
040 _aDE-2950
_bger
_cDE-2950
_erda
041 _ager
245 _aNoch fünf Bewerbungen für das Zukunftszentrum im Rennen
_bMillionenprojekt. Der Standortwettbewerb geht in die heiße Phase. Zwei Städte sind bereits ausgeschieden. Im Januar steht der Jury-Besuch in Frankfurt an/
_cThomas Gutke
264 _c2022
653 _aFrankfurt (Oder)
653 _aZukunftszentrum
773 _dFrankfurt (Oder) Märkisches Verlags- und Druckhaus GmbH & Co KG
_tMärkische Oderzeitung
_g33. Jahrgang (2022) Nr. 269 vom 18.11.2022, S. 13 mit Foto
942 _cA